000 02555cam a22006494i 4500
003 PE-LiUPU
005 20250731170447.0
008 150706s2004 ck rb 000 0 spa d
020 _a958648520X
020 _a9789586485203
035 _a(Sirsi) i9789586485203
040 _aPE-LiUPU
_bspa
_cPE-LiUPU
_dPE-LiUPU
_erda
049 _aPRUA
082 0 4 _a153.6
_bL94 2004
082 0 4 _a153.6
_bL94
_221
100 1 _aLugo Galindo, Ruth Mary,
_eautor.
245 1 0 _aComunicación afectiva :
_bcómo promover la función afectiva de la comunicación /
_cRuth Mary Lugo Galindo.
264 1 _aBogotá :
_bEcoe,
_c2007.
300 _a112 páginas ;
_c24 centímetros
336 _atext
_2rdacontent
337 _aunmediated
_2rdamedia
338 _avolume
_2rdacarrier
504 _aIncluye bibliografía.
505 0 _aComunicación afectiva -- Función afectiva de la comunicación -- Elementos esenciales vinculados al desarrollo de la función afectiva de la comunicación -- La afectividad -- La autoestima -- La empatía -- El diálogo -- Intelecto y afectividad.
526 _aSEG68
526 _aSEG70
526 _aSEG69
526 _aSEG67
526 _aSEG43
526 _aP144
526 _aP143
526 _aP131
526 _aP122
526 _aP120
526 _aP117
526 _aP112
526 _aP110
526 _aP106
526 _aP101
526 _aP80
526 _aP59
526 _aP54
526 _aP35
526 _aP33
526 _aP30
541 _g015-0010822;
650 0 4 _aComunicación.
_94795
910 _agl
_bjv
_clch
_d20091011
942 _2ddc
_cBOOK
949 _a153.6 L94
_wDEWEY
_c1
_i60465
_d2016-2-4
_e2016-2-3
_lCCODEBUL1
_mBUL
_n1
_p16.00
_r0
_sY
_tBOOK
_u2015-7-6
_xSALUD
_PP22
_0COMPRA
_o.STAFF. Colección Ciencias de la Salud
949 _a153.6 L95 2007
_wDEWEY
_c1
_iFJ03319
_lCCODEBUJ1
_mBUJ
_p16.00
_r0
_sY
_tBOOK
_u2015-10-15
_xEDUCACION
_PP14
_0COMPRA
_o.STAFF. Colección General Juliaca
994 _aC0
_bPEPRU
596 _a1 3
999 _a153.6 L94
_wDEWEY
_c49919
_i60465
_d49919
_e2019-1-18
_f2021-11-3
_g5
_lCCODEBUL1
_mBUL
_n3
_p16.00
_q1
_r0
_sY
_tBOOK
_u2015-7-6
_xSALUD
_zP22
_0COMPRA
_o.STAFF. Colección Ciencias de la Salud
999 _a153.6 L95 2007
_wDEWEY
_c1
_iFJ03319
_d2019-6-3
_e2018-5-2
_f2022-1-17
_g4
_lCCODEBUJ1
_mBUJ
_n2
_p16.00
_q2
_r0
_sY
_tBOOK
_u2015-10-15
_xEDUCACION
_PP14
_0COMPRA
_o.STAFF. Colección General Juliaca
980 _81
_gALBERTO SANCHEZ Responsable de Automatización